| 000 | 00693nam a2200229Ia 4500 | ||
|---|---|---|---|
| 003 | OSt | ||
| 005 | 20230518122524.0 | ||
| 008 | 210423s2015 xx 000 0 und d | ||
| 020 | _a978-1-61039-568-7 | ||
| 040 | _cAL | ||
| 041 | _aeng | ||
| 082 |
_a658.4012 _223 _bCHAA |
||
| 100 |
_aCHARAN (Ram) _9108257 |
||
| 245 | _aAttackers advantage: turning uncertainty into breakthrough opportunities | ||
| 260 |
_aNew York _bPublic Affair _c2015 |
||
| 300 |
_ax,228p _bHB |
||
| 365 |
_b799 _cINR |
||
| 650 |
_aExecutive Management _9108258 |
||
| 650 |
_aManagement _9108259 |
||
| 906 | _aadvantage: ; Attackers ; breakthrough ; into ; opportunities ; turning ; uncertainty | ||
| 942 |
_2ddc _cBK |
||
| 999 |
_c166716 _d166716 |
||